000 00894nmm a2200277 a 4500
001 ocm000610321
003 TR-IsHL
005 20201028131346.0
008 131028s2006 tu tur
007 cr cn
020 _a9789944466035
035 _a610321
_b(N$T)
050 0 4 _aBP189.4
_b.K67 2006
090 0 4 _aBP189.4
_b.K67 2006
100 1 _aKopuz, Banu
245 1 0 _aAllah dostları ve büyük evliyalar
_h[electronic resource] /
_cBanu Kopuz
250 _a1. bs.
260 _aİstanbul :
_bİkidünya Yayınları,
_c2006
300 _a192 p.
650 4 _aFelsefe, Psikoloji ve Din
650 4 _aPhilosophy, Psychology and Religion
650 0 _aEvliyalar
_x Biyografi
650 0 _aSaints
_x Biography
650 7 _aBIOGRAPHY & AUTOBIOGRAPHY / Religious
_2bisacsh
856 4 0 _uhttp://search.ebscohost.com/login.aspx?direct=true&scope=site&db=e011xww&AN=610321
999 _c4520
_d4520